[Event "C.to Mondiale U18"]
[Site "Maribor SLO"]
[Date "2012.11.08"]
[Round "1"]
[White "Cmor, Nino"]
[Black "Boscolo, Federico"]
[WhiteElo "1902"]
[BlackElo "2311"]
[Result "0-1"]
[PlyCount "94"]
[EventDate "2012.11.08"]

1. e4 c5 2. Nf3 Nc6 3. d4 cxd4 4. Nxd4 Qb6 5. Nb3 Nf6 6. Nc3 e6 7. g3 Bb4 8.
Bg2 d5 9. O-O d4 10. Ne2 e5 11. c3 dxc3 12. Nxc3 Bxc3 13. bxc3 O-O 14. Be3 Qc7
15. h3 b6 16. Bg5 Ne8 17. Qf3 Be6 18. Rfd1 Nd6 19. g4 Nc4 20. Nd2 Nxd2 21. Rxd2
Na5 22. Bf1 f6 23. Bh4 Rac8 24. Rc1 Qf7 25. Ba6 Rcd8 26. Rxd8 Rxd8 27. g5 fxg5
28. Qxf7+ Kxf7 29. Bxg5 Rd6 30. f4 Bxh3 31. Kh2 Be6 32. fxe5 Rc6 33. Bb5 Rc5
34. a4 Rxe5 35. Rf1+ Kg8 36. Be7 Bf7 37. Rd1 Bc4 38. Bb4 Bxb5 39. axb5 Rxb5 40.
Rf1 h6 41. Rf8+ Kh7 42. Bd6 Nc4 43. Bb8 a5 44. Kg3 a4 45. e5 Nxe5 46. Rf5 a3
47. c4 Rb3+ 0-1

[Event "C.to Mondiale U18"]
[Site "Maribor SLO"]
[Date "2012.11.08"]
[Round "1"]
[White "Draskovic, Luka"]
[Black "Villa, Giorgio"]
[WhiteElo "2336"]
[BlackElo "1990"]
[Result "1-0"]
[PlyCount "97"]
[EventDate "2012.11.08"]

1. e4 c6 2. d4 d5 3. Nc3 dxe4 4. Nxe4 Nd7 5. Bc4 Ngf6 6. Ng5 e6 7. Qe2 Nb6 8.
Bd3 h6 9. N5f3 c5 10. Be3 Qc7 11. Ne5 Nbd7 12. Ngf3 Bd6 13. Nxd7 Bxd7 14. O-O-O
Rc8 15. dxc5 Bxc5 16. Bxc5 Qxc5 17. Ne5 Ba4 18. Rd2 Nd5 19. Qf3 Rc7 20. a3 Nb4
21. Qf4 Nxd3+ 22. Nxd3 Qc4 23. Qxc4 Rxc4 24. Kb1 Rc7 25. Rhd1 Ke7 26. Ne5 Rhc8
27. b3 Be8 28. Kb2 f6 29. Nc4 Rd7 30. Rxd7+ Bxd7 31. Nd6 Rc7 32. c4 Bc6 33. f3
b6 34. Kc3 Bb7 35. Nb5 Rc5 36. Nxa7 Ra5 37. Nb5 Bc6 38. Nd4 Bd7 39. a4 Ra7 40.
Re1 e5 41. Nc2 Ke6 42. Nb4 f5 43. Nd3 Ra5 44. Nf4+ Kd6 45. Nd5 b5 46. axb5 Bxb5
47. Kb4 Ra2 48. Kxb5 Rxg2 49. Ne3 1-0

[Event "C.to Mondiale U18"]
[Site "Maribor SLO"]
[Date "2012.11.08"]
[Round "1"]
[White "Iskandarov, Misratdin Mehdi Oglu"]
[Black "Maurizio, Antonio"]
[WhiteElo "2396"]
[BlackElo "2067"]
[Result "0-1"]
[PlyCount "120"]
[EventDate "2012.11.08"]

1. e4 c6 2. Nf3 d5 3. Nc3 Bg4 4. h3 Bxf3 5. Qxf3 e6 6. d4 Nf6 7. Bd3 dxe4 8.
Nxe4 Nbd7 9. Ng3 Bd6 10. O-O Qc7 11. Ne4 Nxe4 12. Bxe4 Nf6 13. Bd3 h6 14. c4
O-O-O 15. c5 Be7 16. Bf4 Qd7 17. Bh2 Qxd4 18. Qg3 Kd7 19. Ba6 Nd5 20. Bxb7 Qb4
21. Ba6 Bxc5 22. a3 Qb6 23. b4 Bd4 24. Rad1 Ke7 25. Bc4 Rd7 26. Qg4 Bf6 27. b5
Rhd8 28. bxc6 Qxc6 29. Bxd5 Rxd5 30. Rc1 Qb5 31. a4 Qb3 32. Rb1 Qa3 33. Bc7 Rc8
34. Rfc1 Rc5 35. Rxc5 Qxc5 36. Bf4 Qc6 37. Be3 Rc7 38. a5 Bc3 39. Rc1 Qd6 40.
Rd1 Qb4 41. Qg3 Qxa5 42. Qd6+ Kf6 43. Qd8+ Kg6 44. Bf4 Rb7 45. Qd3+ Qf5 46.
Qxc3 Qxf4 47. g3 Qf5 48. Rd4 Kh7 49. Rf4 Qd5 50. Kh2 e5 51. Ra4 g6 52. Ra1 Qd4
53. Qxd4 exd4 54. Kg2 d3 55. Kf1 d2 56. Ke2 Rd7 57. Kd1 Kg7 58. Ra6 Kf8 59. Rc6
Ke7 60. Rc8 a5 0-1

[Event "C.to Mondiale U18"]
[Site "Maribor SLO"]
[Date "2012.11.09"]
[Round "2"]
[White "Boscolo, Federico"]
[Black "Bukavshin, Ivan"]
[WhiteElo "2311"]
[BlackElo "2505"]
[Result "0-1"]
[PlyCount "80"]
[EventDate "2012.11.08"]

1. e4 e5 2. Nf3 Nc6 3. Bc4 Bc5 4. d3 Nf6 5. Nc3 O-O 6. Bg5 h6 7. Be3 Bb4 8. h3
Bxc3+ 9. bxc3 d6 10. Bb3 Ne7 11. Qd2 Be6 12. Bxh6 Bxb3 13. axb3 gxh6 14. Qxh6
Nh7 15. g4 Ng6 16. g5 Kh8 17. h4 Rg8 18. h5 Nf4 19. g6 Rg7 20. Kd2 Qf6 21. Rag1
Ng2 22. Ke2 Qf4 23. Qxg7+ Kxg7 24. gxh7 Kxh7 25. Rxg2 Rg8 26. Rxg8 Kxg8 27.
Rg1+ Kh7 28. Nd2 Qh4 29. Nf1 f5 30. exf5 Qxh5+ 31. Ke1 Qxf5 32. Ne3 Qf3 33. Rg3
Qh1+ 34. Kd2 b5 35. b4 c5 36. Ng4 Qh4 37. bxc5 dxc5 38. Ne3 a5 39. Rg7+ Kh8 40.
Rf7 Kg8 0-1

[Event "C.to Mondiale U18"]
[Site "Maribor SLO"]
[Date "2012.11.09"]
[Round "2"]
[White "Maurizio, Antonio"]
[Black "Draskovic, Luka"]
[WhiteElo "2067"]
[BlackElo "2336"]
[Result "0-1"]
[PlyCount "102"]
[EventDate "2012.11.08"]

1. Nf3 Nf6 2. c4 b6 3. d4 e6 4. g3 Ba6 5. Qa4 c5 6. dxc5 bxc5 7. Bg2 Bb7 8. O-O
Be7 9. Rd1 O-O 10. Nc3 d6 11. Bf4 Qb6 12. Qb5 Qc7 13. Qa4 a6 14. Rd2 Rd8 15.
Rad1 h6 16. h3 Nc6 17. e4 Nd4 18. Ne1 Nd7 19. b3 Ne5 20. Be3 Nec6 21. Nc2 Bf6
22. Ne2 Nxc2 23. Rxc2 Nb4 24. Rcd2 a5 25. Bf4 e5 26. Be3 Bc6 27. Qa3 a4 28. Qc1
axb3 29. axb3 Be7 30. Nc3 Ra5 31. Qb2 Rda8 32. Rb1 Qa7 33. Rdd1 Qb7 34. g4 Na6
35. Nd5 Bxd5 36. Rxd5 Nb4 37. Rd2 Nc6 38. Qc3 Qb4 39. Qxb4 Nxb4 40. Kf1 Kf8 41.
Ke2 Ra3 42. Rdb2 Bg5 43. Bxg5 hxg5 44. Kd2 Ke7 45. Kc3 Kd7 46. Bf3 Nc6 47. Bd1
Rh8 48. Kd2 Rxh3 49. b4 Nxb4 50. Rb3 Ra2+ 51. R1b2 Rd3+ 0-1

[Event "C.to Mondiale U18"]
[Site "Maribor SLO"]
[Date "2012.11.09"]
[Round "2"]
[White "Villa, Giorgio"]
[Black "Sochacki, Christophe"]
[WhiteElo "1990"]
[BlackElo "2402"]
[Result "1/2-1/2"]
[PlyCount "90"]
[EventDate "2012.11.08"]

1. d4 Nf6 2. Nf3 c5 3. e3 g6 4. c4 Bg7 5. Nc3 O-O 6. Be2 d5 7. O-O Nc6 8. dxc5
dxc4 9. Bxc4 Qa5 10. Qe2 Qxc5 11. e4 Bg4 12. Be3 Qh5 13. h3 Bxf3 14. Qxf3 Qxf3
15. gxf3 Rfd8 16. Rfd1 Ne8 17. Rac1 Nd6 18. Be2 f5 19. exf5 gxf5 20. b3 Kf7 21.
Nb5 Nxb5 22. Bxb5 Nd4 23. Bxd4 Bxd4 24. Rd2 a6 25. Bc4+ Kf6 26. Rcd1 e5 27. f4
b5 28. fxe5+ Kxe5 29. Bf1 Rd6 30. Bg2 Rad8 31. Kf1 b4 32. Rd3 a5 33. Re1+ Kf6
34. Red1 h5 35. h4 Ke5 36. Bf3 Rc8 37. Bxh5 Rh8 38. f4+ Kxf4 39. Rxd4+ Rxd4 40.
Rxd4+ Ke3 41. Rd5 Rxh5 42. Rxa5 Rxh4 43. Rxf5 Kd3 44. Ra5 Rh1+ 45. Kf2 Rh2+
1/2-1/2

[Event "C.to Mondiale U18"]
[Site "Maribor SLO"]
[Date "2012.11.10"]
[Round "3"]
[White "Kokotovic, Aleksandar"]
[Black "Boscolo, Federico"]
[WhiteElo "2062"]
[BlackElo "2311"]
[Result "0-1"]
[PlyCount "74"]
[EventDate "2012.11.08"]

1. d4 Nf6 2. c4 g6 3. Nc3 Bg7 4. Nf3 O-O 5. e3 d6 6. Be2 Nbd7 7. b3 c6 8. Bb2
Re8 9. Qc2 e5 10. O-O a5 11. dxe5 dxe5 12. Rfd1 Qc7 13. Ba3 Bf8 14. Qb2 Nc5 15.
Rac1 Bg4 16. h3 e4 17. Nxe4 Ncxe4 18. hxg4 Bg7 19. Nd4 Nxf2 20. Kxf2 c5 21. Qc2
Qh2 22. Bf3 Bh6 23. Nf5 gxf5 24. Bxc5 Ne4+ 25. Bxe4 Rxe4 26. Rh1 Qe5 27. Rxh6
Qxc5 28. Rh3 Rae8 29. gxf5 Rxe3 30. Kf1 Rxh3 31. gxh3 Re5 32. Qg2+ Kf8 33. Rc3
Qd4 34. Qf3 Qd2 35. Qg3 Qd1+ 36. Kg2 Re2+ 37. Kf3 Qf1+ 0-1

[Event "C.to Mondiale U18"]
[Site "Maribor SLO"]
[Date "2012.11.10"]
[Round "3"]
[White "Pop, Alexandru"]
[Black "Maurizio, Antonio"]
[WhiteElo "2262"]
[BlackElo "2067"]
[Result "1-0"]
[PlyCount "151"]
[EventDate "2012.11.08"]

1. e4 c6 2. Nc3 d5 3. Nf3 Bg4 4. d4 dxe4 5. Nxe4 Nd7 6. Be2 h6 7. Ng3 e6 8. h3
Bxf3 9. Bxf3 Ngf6 10. O-O Qc7 11. c4 Bd6 12. d5 Bxg3 13. fxg3 cxd5 14. cxd5
Qc5+ 15. Kh2 Nxd5 16. b4 Qc4 17. Bxd5 Qxd5 18. Qg4 O-O-O 19. Bb2 e5 20. Qxg7 f6
21. Rfd1 Qe6 22. Rac1+ Kb8 23. Rd2 Rhg8 24. Qxh6 Nb6 25. Rf2 Nd5 26. Re1 Rge8
27. a3 Ka8 28. Qg6 Qb6 29. Rd2 Re7 30. Red1 Red7 31. Qe4 Qe6 32. g4 Nb6 33.
Rxd7 Rxd7 34. Rxd7 Nxd7 35. h4 Qd6 36. h5 Qd2 37. Qf5 a5 38. g5 fxg5 39. h6 g4
40. h7 Qh6+ 41. Kg3 Qe3+ 42. Kxg4 Qe2+ 43. Kh3 Qe3+ 44. Kg4 Qe2+ 45. Kg5 Qxg2+
46. Kh6 Qh2+ 47. Kg7 Qg3+ 48. Kf7 Qh4 49. Qxd7 Qxh7+ 50. Ke8 Qg8+ 51. Ke7 Qg5+
52. Kf8 Qh6+ 53. Qg7 Qe3 54. Qe7 Qh6+ 55. Kg8 Qg6+ 56. Qg7 Qe6+ 57. Qf7 Qg4+
58. Kf8 Ka7 59. Qd5 Qf5+ 60. Ke8 Qg6+ 61. Kd7 Qg7+ 62. Kd6 Qf8+ 63. Kxe5 Qg7+
64. Kf4 Qxb2 65. Qxa5+ Kb8 66. Qe5+ Qxe5+ 67. Kxe5 Kc7 68. Kd5 Kb6 69. a4 Ka7
70. Kd6 Kb6 71. Kd7 Ka6 72. Kc8 Kb6 73. b5 Ka7 74. Kc7 Ka8 75. a5 Ka7 76. a6
1-0

[Event "C.to Mondiale U18"]
[Site "Maribor SLO"]
[Date "2012.11.10"]
[Round "3"]
[White "Sofranov, Velizar"]
[Black "Villa, Giorgio"]
[WhiteElo "2191"]
[BlackElo "1990"]
[Result "1-0"]
[PlyCount "107"]
[EventDate "2012.11.08"]

1. e4 c6 2. d4 d5 3. Nc3 dxe4 4. Nxe4 Nd7 5. Nf3 Ngf6 6. Ng3 e6 7. Bd3 c5 8.
O-O cxd4 9. Nxd4 Bc5 10. Nb3 Be7 11. Qe2 O-O 12. Bg5 Nd5 13. Bxe7 Qxe7 14. Qe4
f5 15. Qd4 Qf6 16. Nxf5 exf5 17. Qxd5+ Kh8 18. Qd4 Ne5 19. Rfe1 Nxd3 20. Qxf6
gxf6 21. cxd3 b6 22. Rac1 Ba6 23. d4 Rac8 24. Rxc8 Rxc8 25. d5 Rd8 26. Rd1 Bc4
27. d6 Bxb3 28. axb3 Kg7 29. g3 Kf7 30. Kg2 Ke6 31. Kf3 Rxd6 32. Rxd6+ Kxd6 33.
Kf4 Ke6 34. b4 a5 35. bxa5 bxa5 36. b3 Kd5 37. Kxf5 Kd4 38. Kxf6 Kc3 39. Kg5
Kxb3 40. f4 a4 41. f5 a3 42. f6 a2 43. f7 a1=Q 44. f8=Q Qa5+ 45. Kh4 Qa7 46.
Qf6 Kc4 47. Qe5 Kd3 48. Kg4 Qa4+ 49. Qf4 Qa7 50. h4 Qg1 51. Qg5 Qd4+ 52. Kh5
Qd7 53. Kh6 Ke2 54. g4 1-0

[Event "C.to Mondiale U18"]
[Site "Maribor SLO"]
[Date "2012.11.11"]
[Round "4"]
[White "Boscolo, Federico"]
[Black "Naoum, Spyridon"]
[WhiteElo "2311"]
[BlackElo "2184"]
[Result "1/2-1/2"]
[PlyCount "99"]
[EventDate "2012.11.08"]

1. e4 c5 2. Nf3 e6 3. c3 Nf6 4. e5 Nd5 5. d4 cxd4 6. cxd4 d6 7. Bc4 Nb6 8. Bd3
Nc6 9. a3 dxe5 10. dxe5 Nd7 11. Bc2 Ncxe5 12. O-O Be7 13. Nc3 Ng6 14. Qe2 O-O
15. Rd1 a6 16. Ne4 Qc7 17. Bg5 Bxg5 18. Nfxg5 Qe5 19. Nf3 Qf4 20. Nd6 Nde5 21.
Nxe5 Qxe5 22. Qxe5 Nxe5 23. Be4 Rb8 24. Rac1 f5 25. Bb1 Nf7 26. Rc7 Nxd6 27.
Rxd6 Re8 28. f4 h5 29. Kf2 Kf8 30. Ba2 Re7 31. Rd8+ Re8 32. Rxe8+ Kxe8 33. Rxg7
b5 34. b4 Rb6 35. Rc7 Kd8 36. Rc3 Bb7 37. g3 Rd6 38. Ke1 Be4 39. Bb3 Ke7 40.
Bd1 h4 41. gxh4 Rd4 42. h5 Kf6 43. h6 Kg6 44. Rh3 Kh7 45. Bh5 Bd5 46. Bg6+ Kh8
47. Rc3 Bc4 48. Rf3 Re4+ 49. Kf2 Re2+ 50. Kg3 1/2-1/2

[Event "C.to Mondiale U18"]
[Site "Maribor SLO"]
[Date "2012.11.11"]
[Round "4"]
[White "Villa, Giorgio"]
[Black "Draskovic, Davor"]
[WhiteElo "1990"]
[BlackElo "1852"]
[Result "1/2-1/2"]
[PlyCount "84"]
[EventDate "2012.11.08"]

1. d4 Nf6 2. Nf3 e6 3. c4 d5 4. Bg5 Nbd7 5. e3 c6 6. Nc3 Qa5 7. Nd2 dxc4 8.
Bxf6 Nxf6 9. Nxc4 Qc7 10. Be2 Be7 11. Rc1 O-O 12. O-O Bd7 13. Ne5 Rfd8 14. Qc2
Be8 15. Rfd1 Rac8 16. Na4 Bd6 17. Nf3 Nd7 18. Nc3 a6 19. Bd3 g6 20. e4 Bf4 21.
Rb1 e5 22. g3 exd4 23. Nxd4 Bh6 24. f4 Bg7 25. Bf1 Nf6 26. Qe2 Bd7 27. h3 c5
28. Nf3 Bc6 29. Bg2 b5 30. e5 Nd5 31. Ne4 Bf8 32. Rbc1 Qb6 33. Nh2 c4+ 34. Kh1
Ne3 35. Qf2 Bxe4 36. Bxe4 Bc5 37. Rxd8+ Qxd8 38. Qe2 Qd4 39. Bb7 Rc7 40. Nf3
Qd7 41. Be4 Qd8 42. Kh2 Rd7 1/2-1/2

[Event "C.to Mondiale U18"]
[Site "Maribor SLO"]
[Date "2012.11.12"]
[Round "5"]
[White "Abhilash, Reddy M.L."]
[Black "Maurizio, Antonio"]
[WhiteElo "2269"]
[BlackElo "2067"]
[Result "1-0"]
[PlyCount "67"]
[EventDate "2012.11.08"]

1. d4 Nf6 2. Nf3 g6 3. Nc3 d5 4. Bf4 Bg7 5. e3 O-O 6. Ne5 Bf5 7. g4 Be6 8. f3
Nfd7 9. Nxd7 Qxd7 10. Qd2 c5 11. O-O-O c4 12. h4 b5 13. Nb1 a5 14. h5 b4 15.
Qh2 g5 16. Bxg5 Qa4 17. h6 Bf6 18. Bxf6 exf6 19. a3 bxa3 20. bxa3 Nd7 21. Qd6
Qb5 22. Nc3 Qb7 23. Kd2 Ra6 24. Rb1 Qxb1 25. Qxf8+ Kxf8 26. Nxb1 Ke7 27. Nc3
Kd6 28. Rh5 Nb6 29. Be2 Ra8 30. e4 Rg8 31. exd5 Nxd5 32. Ne4+ Ke7 33. Bxc4 f5
34. Bxd5 1-0

[Event "C.to Mondiale U18"]
[Site "Maribor SLO"]
[Date "2012.11.12"]
[Round "5"]
[White "Fortis Rivera, Jonathan"]
[Black "Villa, Giorgio"]
[WhiteElo "1867"]
[BlackElo "1990"]
[Result "0-1"]
[PlyCount "64"]
[EventDate "2012.11.08"]

1. e4 c6 2. d4 d5 3. exd5 cxd5 4. c4 Nf6 5. Nc3 g6 6. Nf3 Bg7 7. Be2 O-O 8. O-O
Nc6 9. h3 b6 10. Bf4 Bb7 11. Rc1 Rc8 12. Re1 e6 13. Bf1 dxc4 14. Bxc4 Nxd4 15.
Be2 Nxf3+ 16. Bxf3 Qxd1 17. Rexd1 Bxf3 18. gxf3 Rfd8 19. Ne4 Nxe4 20. Rxd8+
Rxd8 21. fxe4 Bxb2 22. Rc7 a6 23. Ra7 Kg7 24. Rxa6 Rd1+ 25. Kg2 Bd4 26. Ra4 e5
27. Bg5 h6 28. Bh4 Rd2 29. Ra7 g5 30. Bg3 h5 31. a4 h4 32. Bh2 Rxf2+ 0-1

[Event "C.to Mondiale U18"]
[Site "Maribor SLO"]
[Date "2012.11.12"]
[Round "5"]
[White "Idani, Pouya"]
[Black "Boscolo, Federico"]
[WhiteElo "2462"]
[BlackElo "2311"]
[Result "1-0"]
[PlyCount "77"]
[EventDate "2012.11.08"]

1. e4 c5 2. Nf3 Nc6 3. d4 cxd4 4. Nxd4 Qb6 5. Nb3 Nf6 6. Nc3 e6 7. a3 d6 8. Be3
Qc7 9. f4 a6 10. Qf3 Be7 11. O-O-O b5 12. g4 Bb7 13. g5 Nd7 14. f5 Nce5 15. Qh3
exf5 16. Qxf5 g6 17. Qf4 O-O 18. h4 f5 19. Nd5 Bxd5 20. exd5 Rac8 21. Nd4 Nb6
22. Bg2 Nbc4 23. Nc6 Nxe3 24. Qxe3 Bd8 25. Kb1 Qb6 26. Qf4 Qc5 27. h5 Rf7 28.
Rde1 Qc4 29. Qe3 gxh5 30. Qf2 Bxg5 31. Nxe5 dxe5 32. Rxe5 Rcf8 33. d6 Qd4 34.
Qe2 Kg7 35. Bd5 Rd7 36. Qxh5 h6 37. Re6 Rff7 38. Qg6+ Kf8 39. Rhe1 1-0

[Event "C.to Mondiale U18"]
[Site "Maribor SLO"]
[Date "2012.11.12"]
[Round "6"]
[White "Boscolo, Federico"]
[Black "Ariunbuuvei, Badamdorj"]
[WhiteElo "2311"]
[BlackElo "1995"]
[Result "1/2-1/2"]
[PlyCount "51"]
[EventDate "2012.11.08"]

1. e4 e5 2. Nc3 Nf6 3. g3 Bc5 4. Bg2 d6 5. Nge2 Nc6 6. O-O Be6 7. Na4 Bb6 8.
Nxb6 axb6 9. d4 Bc4 10. d5 Nd4 11. Nxd4 Bxf1 12. Nf5 Bxg2 13. Nxg7+ Kd7 14.
Kxg2 h6 15. Qf3 Kc8 16. Nf5 Qf8 17. a4 Rb8 18. Be3 h5 19. h4 Ng8 20. Bg5 f6 21.
Bd2 Ne7 22. Nxe7+ Qxe7 23. c4 Qh7 24. Qf5+ Qxf5 25. exf5 Rf8 26. f3 1/2-1/2

[Event "C.to Mondiale U18"]
[Site "Maribor SLO"]
[Date "2012.11.12"]
[Round "6"]
[White "Maurizio, Antonio"]
[Black "Verhelst, Joris"]
[WhiteElo "2067"]
[BlackElo "1987"]
[Result "1/2-1/2"]
[PlyCount "89"]
[EventDate "2012.11.08"]

1. Nf3 Nf6 2. c4 c6 3. d4 d5 4. Nc3 Bg4 5. cxd5 cxd5 6. Ne5 Bc8 7. Bf4 e6 8. e3
a6 9. Bd3 Be7 10. Rc1 Nbd7 11. O-O O-O 12. Nxd7 Bxd7 13. Bg3 b5 14. a3 Qb6 15.
f3 Rfc8 16. Bf2 a5 17. Qb3 a4 18. Qd1 b4 19. axb4 Qxb4 20. Rb1 Qb7 21. Ne2 Ne8
22. Nf4 Nd6 23. Qe2 Bb5 24. Rfc1 Rxc1+ 25. Rxc1 Bxd3 26. Nxd3 Nc4 27. Rc2 h6
28. Be1 a3 29. bxa3 Rxa3 30. Rc3 Ra1 31. Rc1 Ra3 32. Rc3 Rxc3 33. Bxc3 Qb3 34.
Be1 Bg5 35. f4 Bf6 36. h3 Qb1 37. Kh2 Qb3 38. Bf2 Nd6 39. Be1 Ne4 40. Bb4 Qc4
41. Be1 Be7 42. Qd1 Bd6 43. Bf2 Nf6 44. Bg3 Ne4 45. Nf2 1/2-1/2

[Event "C.to Mondiale U18"]
[Site "Maribor SLO"]
[Date "2012.11.12"]
[Round "6"]
[White "Villa, Giorgio"]
[Black "Havas, Janko"]
[WhiteElo "1990"]
[BlackElo "2135"]
[Result "1/2-1/2"]
[PlyCount "62"]
[EventDate "2012.11.08"]

1. d4 Nf6 2. Nf3 g6 3. c4 Bg7 4. g3 O-O 5. Bg2 d6 6. O-O Nc6 7. d5 Na5 8. Nfd2
c5 9. Nc3 a6 10. Qc2 Rb8 11. b3 b5 12. Bb2 Bh6 13. f4 e5 14. dxe6 Bxe6 15. Nd5
Bg7 16. Rab1 bxc4 17. bxc4 Bxd5 18. cxd5 Rxb2 19. Rxb2 Ng4 20. Rbb1 Ne3 21. Qd3
Nxf1 22. Kxf1 Qc8 23. Rb6 c4 24. Qa3 Bd4 25. Qxa5 Bxb6 26. Qxb6 c3 27. Nb3 Qf5
28. Nd4 c2 29. Nxf5 c1=Q+ 30. Kf2 gxf5 31. Qxd6 Re8 1/2-1/2

[Event "C.to Mondiale U18"]
[Site "Maribor SLO"]
[Date "2012.11.14"]
[Round "7"]
[White "Lapidus, Mark"]
[Black "Boscolo, Federico"]
[WhiteElo "2215"]
[BlackElo "2311"]
[Result "0-1"]
[PlyCount "78"]
[EventDate "2012.11.08"]

1. Nf3 Nf6 2. d4 g6 3. Bg5 Bg7 4. Nbd2 d5 5. Bxf6 Bxf6 6. e4 dxe4 7. Nxe4 Bg7
8. c3 O-O 9. Bc4 Nd7 10. O-O Nf6 11. Nxf6+ Bxf6 12. Qb3 e6 13. Rad1 c6 14. Rfe1
Qc7 15. Nd2 b6 16. Ne4 Be7 17. Qc2 Bb7 18. Qe2 Rad8 19. Rd3 c5 20. dxc5 Rxd3
21. Qxd3 bxc5 22. Qe3 Rd8 23. Ng5 Qc6 24. f3 Qd6 25. Ne4 Qb6 26. Nf2 Qxb2 27.
Bxe6 Bf6 28. Ng4 Qxc3 29. Nh6+ Kg7 30. Qxc3 Bxc3 31. Nxf7 Rd2 32. Rb1 Ba6 33.
Ng5 Bd4+ 34. Kh1 c4 35. Bg4 Bb2 36. Ne6+ Kh6 37. Nc5 c3 38. Nb3 Rd8 39. h4 Bc4
0-1

[Event "C.to Mondiale U18"]
[Site "Maribor SLO"]
[Date "2012.11.14"]
[Round "7"]
[White "Matijevic, Filip"]
[Black "Villa, Giorgio"]
[WhiteElo "2164"]
[BlackElo "1990"]
[Result "1-0"]
[PlyCount "103"]
[EventDate "2012.11.08"]

1. e4 c6 2. d4 d5 3. Nc3 dxe4 4. Nxe4 Nd7 5. Ng5 Ngf6 6. Bd3 e6 7. N1f3 Bd6 8.
Qe2 h6 9. Ne4 Nxe4 10. Qxe4 Nf6 11. Qe2 Qb6 12. b3 Qc7 13. Bb2 b6 14. O-O O-O
15. c4 Bb7 16. Rad1 Rfe8 17. Rfe1 c5 18. dxc5 Bxc5 19. Ne5 Rad8 20. Ng4 Qf4 21.
Nxf6+ gxf6 22. Bb1 Bd6 23. g3 Qf3 24. Qxf3 Bxf3 25. Rd3 Bb4 26. Ree3 Rxd3 27.
Bxd3 Bh5 28. g4 Bg6 29. Bxg6 fxg6 30. Bxf6 Kf7 31. Rf3 Be7 32. Be5+ Kg8 33. Rd3
Rd8 34. Rxd8+ Bxd8 35. Bb8 a6 36. Bf4 h5 37. gxh5 gxh5 38. Kg2 Kf7 39. Kf3 Kf6
40. Ke4 Be7 41. Be3 Bd8 42. f4 Bc7 43. Bd4+ Ke7 44. Be5 Bd8 45. b4 a5 46. b5
Kd7 47. a4 Be7 48. Bd4 Bd8 49. c5 bxc5 50. Bxc5 Bc7 51. h3 Bb8 52. Bb6 1-0

[Event "C.to Mondiale U18"]
[Site "Maribor SLO"]
[Date "2012.11.14"]
[Round "7"]
[White "Sofranov, Velizar"]
[Black "Maurizio, Antonio"]
[WhiteElo "2191"]
[BlackElo "2067"]
[Result "1/2-1/2"]
[PlyCount "43"]
[EventDate "2012.11.08"]

1. e4 c6 2. d4 d5 3. e5 Bf5 4. h4 h5 5. Ne2 e6 6. Ng3 Bg6 7. Nd2 c5 8. Nf3 Nc6
9. dxc5 Bxc5 10. Bd3 Nge7 11. O-O Bxd3 12. Qxd3 Ng6 13. Bg5 Be7 14. Qb5 Qd7 15.
Rfe1 Ncxe5 16. Qe2 Nxf3+ 17. Qxf3 Nxh4 18. Bxh4 Bxh4 19. Nxh5 g6 20. Nf6+ Bxf6
21. Qxf6 Rg8 22. Rad1 1/2-1/2

[Event "C.to Mondiale U18"]
[Site "Maribor SLO"]
[Date "2012.11.15"]
[Round "8"]
[White "Boscolo, Federico"]
[Black "Petrosyan, Tigran S."]
[WhiteElo "2311"]
[BlackElo "2378"]
[Result "1-0"]
[PlyCount "111"]
[EventDate "2012.11.08"]

1. e4 d6 2. d4 Nf6 3. Bd3 e5 4. Nf3 Nbd7 5. c3 g6 6. O-O Bg7 7. Nbd2 O-O 8. Re1
exd4 9. cxd4 c5 10. e5 dxe5 11. dxe5 Ng4 12. Nc4 Qc7 13. Bf4 b5 14. Be4 Rb8 15.
Qd6 Qxd6 16. Nxd6 Ngxe5 17. Rad1 Rb6 18. Be3 Rxd6 19. Rxd6 Nc4 20. Rdd1 Nxb2
21. Rc1 Na4 22. Bc6 Nc3 23. Rc2 Nb8 24. Bxb5 Nxb5 25. Rxc5 a6 26. Rec1 Be6 27.
a4 Nd6 28. Bd4 Bb3 29. Bxg7 Kxg7 30. Ra1 Re8 31. h3 Ne4 32. Rc7 Nf6 33. Nd4 Bd5
34. Nc2 Re4 35. Rb1 Nbd7 36. Nb4 Be6 37. Ra7 Nc5 38. a5 Bc4 39. Nc6 Bb5 40. Nd8
Nfd7 41. Rc1 Re5 42. Kh2 Rd5 43. Rc3 Ne5 44. Rxc5 Nf3+ 45. gxf3 Rxd8 46. Rcc7
Rf8 47. Kg3 g5 48. f4 h6 49. fxg5 hxg5 50. Kg4 Kg6 51. Rc5 f6 52. Rcc7 f5+ 53.
Kg3 Kf6 54. f4 gxf4+ 55. Kxf4 Rh8 56. Rh7 1-0

[Event "C.to Mondiale U18"]
[Site "Maribor SLO"]
[Date "2012.11.15"]
[Round "8"]
[White "Maurizio, Antonio"]
[Black "Lapidus, Mark"]
[WhiteElo "2067"]
[BlackElo "2215"]
[Result "0-1"]
[PlyCount "50"]
[EventDate "2012.11.08"]

1. d4 d5 2. Nf3 Nf6 3. Bf4 Bf5 4. e3 e6 5. Ne5 Nbd7 6. g4 Nxe5 7. gxf5 Nc6 8.
fxe6 fxe6 9. Rg1 Qd7 10. c3 Bd6 11. Bxd6 cxd6 12. Bh3 O-O 13. Nd2 Rae8 14. Qc2
b5 15. O-O-O b4 16. c4 dxc4 17. Qxc4 d5 18. Qe2 Qc7 19. Kb1 e5 20. Rc1 exd4 21.
Qb5 dxe3 22. Rxc6 Qxh2 23. Rd1 exd2 24. Be6+ Kh8 25. Rxd2 Qh1+ 0-1

[Event "C.to Mondiale U18"]
[Site "Maribor SLO"]
[Date "2012.11.15"]
[Round "8"]
[White "Villa, Giorgio"]
[Black "Copi, Ambroz"]
[WhiteElo "1990"]
[BlackElo "1729"]
[Result "0-1"]
[PlyCount "44"]
[EventDate "2012.11.08"]

1. d4 Nf6 2. Nf3 e6 3. c4 b6 4. g3 Ba6 5. Qa4 Be7 6. Bg2 O-O 7. Ne5 c6 8. Nc3
Bb7 9. O-O d5 10. Rd1 Nfd7 11. e4 Nxe5 12. dxe5 d4 13. Ne2 c5 14. Nf4 Qc7 15.
Nd3 Nc6 16. f4 a6 17. a3 b5 18. cxb5 axb5 19. Qxb5 Ba6 20. Qb3 c4 21. Qa4 cxd3
22. b4 Bc4 0-1

[Event "C.to Mondiale U18"]
[Site "Maribor SLO"]
[Date "2012.11.16"]
[Round "9"]
[White "Boscolo, Federico"]
[Black "Ferreira Viterbo, Jorge"]
[WhiteElo "2311"]
[BlackElo "2402"]
[Result "1/2-1/2"]
[PlyCount "45"]
[EventDate "2012.11.08"]

1. e4 e5 2. Nc3 Nf6 3. g3 d5 4. exd5 Nxd5 5. Bg2 Nxc3 6. bxc3 Bd6 7. Nf3 O-O 8.
O-O Bg4 9. h3 Bh5 10. d3 Nd7 11. Be3 f5 12. Qb1 f4 13. gxf4 exf4 14. Bd4 b6 15.
Qb5 c5 16. c4 Be8 17. Bc3 Be5 18. Qb2 Bxc3 19. Qxc3 Bh5 20. Rae1 Qf6 21. Qxf6
Nxf6 22. Ne5 Rae8 23. Bc6 1/2-1/2

[Event "C.to Mondiale U18"]
[Site "Maribor SLO"]
[Date "2012.11.16"]
[Round "9"]
[White "Draskovic, Davor"]
[Black "Maurizio, Antonio"]
[WhiteElo "1852"]
[BlackElo "2067"]
[Result "1/2-1/2"]
[PlyCount "42"]
[EventDate "2012.11.08"]

1. e4 c6 2. d4 d5 3. Nc3 dxe4 4. Nxe4 Bf5 5. Nc5 b6 6. Nb3 Nf6 7. Nf3 Nbd7 8.
g3 e6 9. Bg2 Qc7 10. O-O Bd6 11. Qe2 O-O 12. Rd1 Rac8 13. c4 Bg4 14. h3 Bh5 15.
g4 Bg6 16. Nh4 Rfd8 17. Nxg6 hxg6 18. Be3 c5 19. Rac1 e5 20. d5 Ne8 21. g5 Be7
1/2-1/2

[Event "C.to Mondiale U18"]
[Site "Maribor SLO"]
[Date "2012.11.16"]
[Round "9"]
[White "Gregory, Sam"]
[Black "Villa, Giorgio"]
[WhiteElo "1771"]
[BlackElo "1990"]
[Result "1-0"]
[PlyCount "77"]
[EventDate "2012.11.08"]

1. d4 d5 2. c4 c6 3. Nc3 Nf6 4. cxd5 cxd5 5. Bf4 Nc6 6. e3 Bf5 7. Bd3 Bxd3 8.
Qxd3 e6 9. Nf3 Be7 10. h3 O-O 11. O-O Qb6 12. Qe2 Rfc8 13. Rac1 Na5 14. Ne5 Nc4
15. b3 Nxe5 16. Bxe5 Qa5 17. Qb5 Bb4 18. Qxa5 Bxa5 19. Nb5 Rc6 20. Nd6 Bd2 21.
Rxc6 bxc6 22. Rd1 Bb4 23. Rc1 Bxd6 24. Bxd6 Rc8 25. f3 Nd7 26. a4 f6 27. a5 a6
28. Kf2 Kf7 29. Ke2 e5 30. Kd3 Ke6 31. Ba3 f5 32. g4 e4+ 33. Ke2 exf3+ 34. Kxf3
fxg4+ 35. hxg4 Nf6 36. Rh1 h6 37. Rc1 Ne4 38. Rc2 Rf8+ 39. Bxf8 1-0

[Event "C.to Mondiale U18"]
[Site "Maribor SLO"]
[Date "2012.11.17"]
[Round "10"]
[White "Maurizio, Antonio"]
[Black "Bullen, Alex"]
[WhiteElo "2067"]
[BlackElo "1824"]
[Result "1-0"]
[PlyCount "87"]
[EventDate "2012.11.08"]

1. d4 d5 2. e3 Nf6 3. c4 e6 4. Nf3 Nbd7 5. Nbd2 Be7 6. Bd3 O-O 7. O-O b6 8. b3
Bb7 9. Bb2 c5 10. Rc1 Rc8 11. Qe2 Re8 12. Rfd1 Bd6 13. Ne5 Bb8 14. f4 Ne4 15.
Bxe4 dxe4 16. Nxd7 Qxd7 17. dxc5 bxc5 18. Nxe4 Qe7 19. Rd7 Bxe4 20. Rxe7 Rxe7
21. Rd1 e5 22. Bxe5 Bxe5 23. fxe5 Rxe5 24. Rd7 Rg5 25. g3 h5 26. Qd2 Rc6 27.
Rc7 Rf6 28. Qd8+ Kh7 29. Rxf7 Rgf5 30. Rxf6 Rxf6 31. Qe7 Bd3 32. Qxc5 Rf1+ 33.
Kg2 Rf5 34. Qd4 Bf1+ 35. Kg1 Bh3 36. Qd1 Bg4 37. Qd3 g6 38. b4 h4 39. h3 Bxh3
40. gxh4 Rh5 41. c5 Rxh4 42. b5 Bf5 43. Qd6 Rg4+ 44. Kf2 1-0